[Event "1st Prague Challengers"]
[Site "Prague CZE"]
[Date "2019.03.11"]
[Round "6.1"]
[White "Nguyen, Thai Dai Van"]
[Black "Michalik, Peter"]
[Result "1/2-1/2"]
[WhiteTitle "GM"]
[BlackTitle "GM"]
[WhiteElo "2546"]
[BlackElo "2565"]
[WhiteFideId "358878"]
[BlackFideId "14907526"]
[EventDate "2019.03.06"]

1. e4 e5 2. Nf3 Nc6 3. Bb5 Nf6 4. d3 Bc5 5. O-O d6 6. c3 O-O 7. Nbd2 a6 8. Bxc6
bxc6 9. d4 exd4 10. cxd4 Bb6 11. Qc2 Re8 12. Re1 c5 13. d5 Bg4 14. b3 Ba5 15.
Re3 Bxf3 16. Nxf3 Qe7 17. Bd2 Bxd2 18. Nxd2 Ng4 19. Ree1 Qf6 20. Nc4 a5 21. Rad1
Qh4 22. h3 Ne5 23. Re3 g6 24. Rf1 Qf4 25. Nb2 f5 26. exf5 Qxf5 27. Qxf5 gxf5 28.
Rfe1 f4 29. Re4 Rf8 30. Nc4 Nd3 31. Rd1 Nb4 32. Re7 Rf7 33. Re2 f3 1/2-1/2

[Event "1st Prague Challengers"]
[Site "Prague CZE"]
[Date "2019.03.11"]
[Round "6.2"]
[White "Ju, Wenjun"]
[Black "Bartel, Mateusz"]
[Result "1/2-1/2"]
[WhiteTitle "GM"]
[BlackTitle "GM"]
[WhiteElo "2580"]
[BlackElo "2600"]
[WhiteFideId "8603006"]
[BlackFideId "1112635"]
[EventDate "2019.03.06"]

1. e4 e5 2. Nf3 Nc6 3. Bb5 a6 4. Ba4 Nf6 5. O-O b5 6. Bb3 Bb7 7. d3 Be7 8. a4
O-O 9. Nc3 Na5 10. axb5 Nxb3 11. cxb3 axb5 12. Rxa8 Bxa8 13. Nxb5 c5 14. Nc3 d6
15. Bg5 Nh5 16. Bxe7 Qxe7 17. Nd2 Nf4 18. Nc4 d5 19. Nb6 d4 20. Ne2 Ne6 21. Nc4
Qc7 22. Qd2 Rb8 23. f4 exf4 24. Nxf4 Bc6 25. Nxe6 fxe6 26. Qg5 Be8 27. Ra1 h6
28. Qg3 Qxg3 29. hxg3 Kf8 30. Ra3 Bb5 31. Ne5 Ke7 32. Ra7+ Kd6 33. Nf7+ Kc6 34.
Ne5+ Kd6 35. Nf7+ 1/2-1/2

[Event "1st Prague Challengers"]
[Site "Prague CZE"]
[Date "2019.03.11"]
[Round "6.3"]
[White "Stocek, Jiri"]
[Black "Anton Guijarro, David"]
[Result "1/2-1/2"]
[WhiteTitle "GM"]
[BlackTitle "GM"]
[WhiteElo "2592"]
[BlackElo "2643"]
[WhiteFideId "304760"]
[BlackFideId "2285525"]
[EventDate "2019.03.06"]

1. d4 Nf6 2. c4 e6 3. Nf3 d5 4. g3 Bb4+ 5. Nc3 dxc4 6. Bg2 O-O 7. O-O Nc6 8. Qa4
Nd5 9. Qc2 Be7 10. Rd1 f5 11. b3 Ncb4 12. Qb2 cxb3 13. Qxb3 Nxc3 14. Qxc3 Nd5
15. Qb3 b6 16. Bb2 Bb7 17. Rac1 Bd6 18. Nd2 a5 19. a4 f4 20. Nc4 Qf6 21. Rf1 Qg5
22. Nxd6 cxd6 23. Ba3 Rad8 24. e4 fxe3 25. fxe3 Rxf1+ 26. Rxf1 h5 27. Rf2 Rc8
28. e4 Qe3 29. Qxe3 Nxe3 30. Bh3 Ng4 31. d5 exd5 32. exd5 Bxd5 33. Rd2 Rc3 34.
Bxg4 hxg4 35. Bxd6 Bf3 36. Be5 Ra3 37. Rd4 Ra1+ 38. Kf2 Ra2+ 39. Ke3 Rxh2 40.
Bc7 Rb2 41. Kf4 Kf7 42. Kf5 g6+ 43. Kg5 Bc6 44. Rxg4 b5 45. Rf4+ Ke7 46. Bxa5
bxa4 47. Bb4+ Ke6 48. Kxg6 Rb3 49. g4 Ke5 50. Rf5+ Kd4 51. Bc5+ Kc4 52. Re5 a3
53. Bxa3 Rxa3 54. g5 Kd4 55. Kf6 Be4 56. Rxe4+ Kxe4 57. g6 Ra6+ 58. Kf7 Kf5 59.
g7 Ra7+ 60. Kg8 Kg6 61. Kh8 Rxg7 1/2-1/2

[Event "1st Prague Challengers"]
[Site "Prague CZE"]
[Date "2019.03.11"]
[Round "6.4"]
[White "Paravyan, David"]
[Black "Krejci, Jan2"]
[Result "1/2-1/2"]
[WhiteTitle "GM"]
[BlackTitle "GM"]
[WhiteElo "2627"]
[BlackElo "2570"]
[WhiteFideId "4194985"]
[BlackFideId "322156"]
[EventDate "2019.03.06"]

1. e4 e5 2. Nf3 Nc6 3. Bc4 Bc5 4. O-O Nf6 5. d3 d6 6. c3 a6 7. a4 Ba7 8. Re1 h6
9. Nbd2 Be6 10. Bxe6 fxe6 11. Nf1 O-O 12. Ng3 Qd7 13. h3 Rf7 14. b4 Raf8 15. b5
Ne7 16. bxa6 bxa6 17. d4 exd4 18. cxd4 Ng6 19. Be3 Nh7 20. Qe2 Rxf3 21. gxf3 Ng5
22. Bxg5 hxg5 23. Red1 Nf4 24. Qf1 e5 25. dxe5 Nxh3+ 26. Kh2 g4 27. Qc4+ Kh7 28.
exd6 Nxf2 29. Rd5 gxf3 30. Rh5+ Kg6 31. Rf1 Ng4+ 32. Kh1 Ne3 33. Qxa6 Qxd6 34.
Qxd6+ cxd6 35. Rf2 Ng4 36. Rd2 Nf2+ 37. Kh2 Ng4+ 38. Kh3 Nf2+ 39. Rxf2 Bxf2 40.
Rf5 Ra8 41. Rxf3 Bc5 42. Nf5 Rxa4 43. Rg3+ Kf6 44. Nxg7 Rxe4 45. Nh5+ Kf5 46.
Rd3 Re1 47. Rd5+ Ke4 48. Nf6+ Kf4 49. Nh5+ Kf3 50. Rf5+ Ke3 51. Rd5 Rf1 52. Ng3
Rf6 53. Kg4 Rf4+ 54. Kg5 Rf8 55. Kg4 Rg8+ 56. Rg5 Rxg5+ 57. Kxg5 d5 58. Kf6 d4
59. Nf5+ Ke4 60. Nxd4 Bxd4+ 1/2-1/2

[Event "1st Prague Challengers"]
[Site "Prague CZE"]
[Date "2019.03.11"]
[Round "6.5"]
[White "Praggnanandhaa, R"]
[Black "Shirov, Alexei"]
[Result "1-0"]
[WhiteTitle "GM"]
[BlackTitle "GM"]
[WhiteElo "2532"]
[BlackElo "2667"]
[WhiteFideId "25059530"]
[BlackFideId "2209390"]
[EventDate "2019.03.06"]

1. e4 e5 2. Nf3 Nc6 3. Bc4 Bc5 4. c3 Nf6 5. d3 O-O 6. O-O d5 7. exd5 Nxd5 8. Re1
Bg4 9. Nbd2 Bb6 10. a4 a6 11. Ne4 f6 12. d4 Kh8 13. dxe5 Bxf3 14. gxf3 Nce7 15.
exf6 gxf6 16. a5 Ba7 17. Ng3 Rg8 18. f4 c6 19. Bd3 Qd7 20. c4 Nb4 21. Be4 Rad8
22. Qxd7 Rxd7 23. Ra4 Bc5 24. b3 Bd4 25. Re2 c5 26. Kg2 Nec6 27. Bd2 Rgd8 28.
Be1 Rg7 29. h3 Rgd7 30. Kf1 Kg7 31. Nf5+ Kf7 32. Rd2 Re8 33. Re2 Red8 34. h4 Kf8
35. h5 Rc7 36. h6 Kf7 37. Ng7 Re7 38. Nf5 Red7 39. Ng7 Re7 40. f5 Be5 41. f4
Bxf4 42. Ne6 Rxe6 43. fxe6+ Ke7 44. Bc3 Rd1+ 45. Re1 Rd8 46. Bxh7 Bxh6 47. Be4
Bd2 48. Bxb4 Bxb4 49. Re3 Rd1+ 50. Kg2 Rd2+ 51. Kh3 Nxa5 52. Bd5 Rb2 53. Ra1 Bd2
54. Rg3 Rxb3 55. Rxb3 Nxb3 56. Rb1 Nd4 57. Rxb7+ Ke8 58. Kg4 f5+ 59. Kh5 Be1 60.
e7 1-0

[Event "1st Prague Challengers"]
[Site "Prague CZE"]
[Date "2019.03.12"]
[Round "7.2"]
[White "Krejci, Jan2"]
[Black "Praggnanandhaa, R"]
[Result "1-0"]
[WhiteTitle "GM"]
[BlackTitle "GM"]
[WhiteElo "2570"]
[BlackElo "2532"]
[WhiteFideId "322156"]
[BlackFideId "25059530"]
[EventDate "2019.03.06"]

1. Nf3 Nf6 2. g3 b5 3. Na3 a6 4. c4 b4 5. Nc2 a5 6. Bg2 Bb7 7. d4 g6 8. O-O Bg7
9. b3 Na6 10. Bb2 c5 11. a3 cxd4 12. axb4 Nxb4 13. Nxb4 axb4 14. Bxd4 Rb8 15.
Ba7 Rc8 16. Qe1 Nh5 17. Qxb4 Bxf3 18. Bxf3 Bxa1 19. Rxa1 O-O 20. Bb6 Qe8 21. Bb7
d6 22. Bxc8 Qxc8 23. c5 dxc5 24. Bxc5 Qe6 25. e3 Nf6 26. Qb7 Re8 27. Bd4 h5 28.
Ra8 Rxa8 29. Qxa8+ Kh7 30. Bxf6 exf6 31. Qa4 g5 32. Qc4 Qd7 33. b4 Kg7 34. h4
Qd1+ 35. Kg2 g4 36. Qc6 Qb1 37. b5 Qb3 38. Qc5 Kg6 39. Kh2 Qb1 40. b6 Qb2 41. e4
Kg7 42. Kg2 Qb1 43. Qc6 Qb3 44. b7 Qb4 45. Qc7 Qxe4+ 46. Kh2 Qf3 47. Qb6 1-0

[Event "1st Prague Challengers"]
[Site "Prague CZE"]
[Date "2019.03.12"]
[Round "7.3"]
[White "Michalik, Peter"]
[Black "Paravyan, David"]
[Result "0-1"]
[WhiteTitle "GM"]
[BlackTitle "GM"]
[WhiteElo "2565"]
[BlackElo "2627"]
[WhiteFideId "14907526"]
[BlackFideId "4194985"]
[EventDate "2019.03.06"]

1. e4 c5 2. Nf3 d6 3. d4 cxd4 4. Nxd4 Nf6 5. Nc3 a6 6. Bg5 e6 7. f4 Be7 8. Qf3
Qc7 9. O-O-O Nbd7 10. g4 b5 11. Bxf6 Nxf6 12. g5 Nd7 13. f5 O-O 14. Rg1 b4 15.
Nce2 e5 16. f6 exd4 17. fxe7 Re8 18. Nxd4 Ne5 19. Qf2 Be6 20. Kb1 Qc5 21. Rg2
Rxe7 22. h4 a5 23. Nxe6 fxe6 24. Qd2 Rf8 25. Be2 Rd7 26. h5 a4 27. h6 g6 28. Qd4
Rf4 29. Rgg1 Kf8 30. Rg3 Ke7 31. a3 Rb7 32. axb4 Rxb4 33. Qxc5 dxc5 34. Rc3 c4
35. Re3 Rf2 36. Ka2 Rb6 37. Rd4 Rd6 38. Rxd6 Kxd6 39. Kb1 Kc5 40. Kc1 a3 41.
bxa3 Kd4 42. Kd2 c3+ 43. Rxc3 Rxe2+ 44. Kxe2 Kxc3 45. a4 Nc4 46. e5 Kxc2 0-1

[Event "1st Prague Challengers"]
[Site "Prague CZE"]
[Date "2019.03.12"]
[Round "7.4"]
[White "Anton Guijarro, David"]
[Black "Nguyen, Thai Dai Van"]
[Result "1-0"]
[WhiteTitle "GM"]
[BlackTitle "GM"]
[WhiteElo "2643"]
[BlackElo "2546"]
[WhiteFideId "2285525"]
[BlackFideId "358878"]
[EventDate "2019.03.06"]

1. d4 Nf6 2. c4 e6 3. Nc3 Bb4 4. f3 c5 5. d5 O-O 6. e4 b5 7. Nh3 bxc4 8. Bxc4
exd5 9. Bxd5 Nxd5 10. Qxd5 Ba6 11. Bf4 Nc6 12. Kf2 Ba5 13. Rhd1 Nb4 14. Qd6 Re8
15. Kg1 c4 16. Bg3 Re6 17. Qxd7 Nd3 18. Qxd8+ Rxd8 19. Rab1 Ree8 20. Nf4 Nxb2
21. Rxd8 Rxd8 22. Nfd5 Nd3 23. Bc7 Bxc7 24. Nxc7 Bc8 25. Rb8 Ne5 26. N7b5 Nc6
27. Ra8 g5 28. Nd5 a6 29. Na3 c3 30. Nxc3 Be6 31. Rxd8+ Nxd8 32. Kf2 Nc6 33. Nc2
f5 34. a3 Kf7 35. Ke3 f4+ 36. Kd3 a5 37. Nd5 Bc8 38. Nc7 Ke7 39. Kc4 Kd6 40.
Nb5+ Ke5 41. Kc5 Nd8 42. Ne1 Ne6+ 43. Kb6 a4 44. Nd3+ Kf6 45. e5+ Ke7 46. Nb4
Nf8 47. Nd4 Be6 48. Kc7 1-0

[Event "1st Prague Challengers"]
[Site "Prague CZE"]
[Date "2019.03.12"]
[Round "7.5"]
[White "Bartel, Mateusz"]
[Black "Stocek, Jiri"]
[Result "0-1"]
[WhiteTitle "GM"]
[BlackTitle "GM"]
[WhiteElo "2600"]
[BlackElo "2592"]
[WhiteFideId "1112635"]
[BlackFideId "304760"]
[EventDate "2019.03.06"]

1. e4 c5 2. Nf3 d6 3. Bb5+ Bd7 4. c4 Nf6 5. Nc3 g6 6. O-O Bg7 7. Re1 O-O 8. h3
a6 9. Bxd7 Nfxd7 10. d4 Nc6 11. Be3 Qa5 12. a3 cxd4 13. Nxd4 Rac8 14. Nd5 Rfe8
15. b3 Qd8 16. Rb1 e6 17. Nb4 Nxd4 18. Bxd4 Ne5 19. Qd2 a5 20. Nc2 a4 21. Ne3
axb3 22. Rxb3 Bh6 23. Rxb7 Nxc4 24. Qd3 Qa5 25. Reb1 Qd2 26. Ng4 Bg7 27. Qxd2
Nxd2 28. Bxg7 Kxg7 29. Re1 h5 30. Nh2 Rc4 31. f3 Ra4 32. Nf1 Nxf1 33. Kxf1 Rxa3
34. Rc1 h4 35. Rcc7 Rf8 36. Ra7 Rxa7 37. Rxa7 Kf6 38. g3 hxg3 39. Kg2 Ke5 40.
Kxg3 f5 41. Ra5+ d5 42. exd5 exd5 43. f4+ Ke4 44. Ra6 Re8 45. Rxg6 d4 46. h4 Ke3
47. h5 d3 48. h6 d2 49. Rd6 Rg8+ 50. Kh4 Rg1 51. h7 d1=Q 52. Rxd1 Rxd1 53. Kg5
Rh1 54. Kxf5 Rxh7 55. Kg6 Rh1 56. f5 Rg1+ 57. Kf7 Kf4 58. f6 Kf5 0-1

[Event "1st Prague Challengers"]
[Site "Prague CZE"]
[Date "2019.03.13"]
[Round "8.1"]
[White "Paravyan, David"]
[Black "Anton Guijarro, David"]
[Result "0-1"]
[WhiteTitle "GM"]
[BlackTitle "GM"]
[WhiteElo "2627"]
[BlackElo "2643"]
[WhiteFideId "4194985"]
[BlackFideId "2285525"]
[EventDate "2019.03.06"]

1. d4 Nf6 2. Bg5 c5 3. d5 d6 4. Nc3 h6 5. Bd2 b5 6. Nxb5 Nxd5 7. e4 Nb6 8. a4 a6
9. Nc3 Nc6 10. f4 e6 11. Nf3 Be7 12. Bd3 O-O 13. a5 Nd7 14. Ne2 d5 15. b3 dxe4
16. Bxe4 Bb7 17. O-O Nf6 18. Bd3 Nb4 19. Bc4 Ne4 20. Be1 Bf6 21. c3 Nc6 22. Qc2
Nxa5 23. Bd3 Nd6 24. Ne5 Qc7 25. Ng4 Be7 26. c4 Nc6 27. Bc3 f5 28. Ne5 Bf6 29.
Rae1 Rad8 30. Ng3 Nb4 31. Bxb4 cxb4 32. c5 Nb5 33. Qc4 Bxe5 34. Rxe5 Kh8 35. Be2
Nd4 36. Re3 a5 37. Rf2 Nxe2+ 38. Rexe2 Bd5 39. Qc2 Rc8 40. Qb2 Qxc5 41. Rc2 Qe3 0-1

[Event "1st Prague Challengers"]
[Site "Prague CZE"]
[Date "2019.03.13"]
[Round "8.2"]
[White "Shirov, Alexei"]
[Black "Krejci, Jan2"]
[Result "1/2-1/2"]
[WhiteTitle "GM"]
[BlackTitle "GM"]
[WhiteElo "2667"]
[BlackElo "2570"]
[WhiteFideId "2209390"]
[BlackFideId "322156"]
[EventDate "2019.03.06"]

1. e4 e5 2. Nf3 Nc6 3. Bb5 a6 4. Ba4 Nf6 5. O-O Be7 6. Re1 b5 7. Bb3 d6 8. c3
O-O 9. h3 Na5 10. Bc2 c5 11. d4 Qc7 12. Nbd2 cxd4 13. cxd4 Nc6 14. Nb3 a5 15.
Be3 a4 16. Nbd2 Bd7 17. Rc1 Qb7 18. Qe2 Rfe8 19. Bd3 Rab8 20. dxe5 Nxe5 21. Nxe5
dxe5 22. Nf3 Bb4 23. Red1 Bc6 24. Bc5 Bxc5 25. Rxc5 Nd7 26. Rc3 Nf8 27. Qc2 Bd7
28. b3 axb3 29. axb3 Rbc8 30. b4 f6 31. Nd2 Rxc3 32. Qxc3 Rc8 33. Qb2 Be8 34.
Bb1 Bf7 1/2-1/2

[Event "1st Prague Challengers"]
[Site "Prague CZE"]
[Date "2019.03.13"]
[Round "8.3"]
[White "Ju, Wenjun"]
[Black "Stocek, Jiri"]
[Result "1-0"]
[WhiteTitle "GM"]
[BlackTitle "GM"]
[WhiteElo "2580"]
[BlackElo "2592"]
[WhiteFideId "8603006"]
[BlackFideId "304760"]
[EventDate "2019.03.06"]

1. e4 c5 2. Nf3 d6 3. Bb5+ Bd7 4. Bxd7+ Nxd7 5. O-O Ngf6 6. Qe2 e6 7. c3 Rc8 8.
d4 cxd4 9. cxd4 d5 10. e5 Ne4 11. Be3 Be7 12. Ne1 f5 13. f3 Ng5 14. Nd3 O-O 15.
Nc3 Qb6 16. Rfc1 Nf7 17. Rc2 Rc6 18. Na4 Qa6 19. Rxc6 Qxc6 20. b3 Ba3 21. Bc1
Be7 22. Bd2 b5 23. Rc1 Qa6 24. Nf4 Nb8 25. Nc5 Bxc5 26. Rxc5 Nd8 27. Rxb5 Nbc6
28. Be3 g5 29. Nh5 f4 30. Bf2 Rf7 31. Nf6+ Kh8 32. a4 Ne7 33. Qc2 Ndc6 34. h4
gxh4 35. Bxh4 Nf5 36. Bf2 Rf8 37. Qd2 Qc8 38. Qxf4 Qc7 39. Qd2 1-0

[Event "1st Prague Challengers"]
[Site "Prague CZE"]
[Date "2019.03.13"]
[Round "8.4"]
[White "Praggnanandhaa, R"]
[Black "Michalik, Peter"]
[Result "0-1"]
[WhiteTitle "GM"]
[BlackTitle "GM"]
[WhiteElo "2532"]
[BlackElo "2565"]
[WhiteFideId "25059530"]
[BlackFideId "14907526"]
[EventDate "2019.03.06"]

1. Nf3 d5 2. g3 g6 3. Bg2 Bg7 4. d4 Nf6 5. O-O O-O 6. c4 c6 7. Qb3 Qb6 8. Nc3
Rd8 9. Rd1 Bf5 10. Ne1 Na6 11. Qxb6 axb6 12. Na4 b5 13. cxb5 cxb5 14. Nb6 Ra7
15. Bf4 Nb4 16. a3 Nc6 17. e3 e6 18. f3 Ne8 19. g4 Ra6 20. gxf5 gxf5 21. Nxd5
Rxd5 22. Bg3 Rd8 23. Bf1 Rb6 24. Nd3 Na5 25. Bf2 Nc4 26. b3 Na5 27. Rab1 Nf6 28.
Rdc1 Bh6 29. Rc5 Nc6 30. Ne5 Nd5 31. Re1 Nxe5 32. dxe5 Bf8 33. Rc2 Rc6 34. Rxc6
bxc6 35. a4 Bb4 36. Rc1 Nc3 37. axb5 cxb5 38. Ra1 Bc5 39. b4 Bxb4 40. Be1 Nd5
41. Bxb5 Bc5 42. Bh4 Rb8 43. Bc6 Nb4 44. Bd7 Nc2 45. Ra5 Bxe3+ 46. Kg2 Nd4 47.
Bf6 h6 48. Ra2 Kh7 49. h4 h5 50. Kh3 Nxf3 51. Ra3 Ng1+ 52. Kg2 Rb2+ 53. Kf1 Rb1+
54. Kg2 f4 55. Bc6 f3+ 56. Bxf3 Rb2+ 57. Kg3 Nxf3 58. Kxf3 Bh6 59. Ra7 Kg6 60.
Ra8 Kf5 61. Rh8 Rb3+ 62. Ke2 Bf4 63. Rxh5+ Ke4 64. Rh7 Rb2+ 65. Kd1 Kd3 66. Ke1
Be3 67. Kf1 Rf2+ 68. Ke1 Rf5 69. Bg5 Bd4 70. Bd2 Rxe5+ 71. Kd1 Re2 72. Bg5 Rh2 0-1

[Event "1st Prague Challengers"]
[Site "Prague CZE"]
[Date "2019.03.13"]
[Round "8.5"]
[White "Nguyen, Thai Dai Van"]
[Black "Bartel, Mateusz"]
[Result "1/2-1/2"]
[WhiteTitle "GM"]
[BlackTitle "GM"]
[WhiteElo "2546"]
[BlackElo "2600"]
[WhiteFideId "358878"]
[BlackFideId "1112635"]
[EventDate "2019.03.06"]

1. e4 Nf6 2. e5 Nd5 3. d4 d6 4. Nf3 Bf5 5. Be2 e6 6. O-O Be7 7. c4 Nb6 8. Nc3
O-O 9. b3 dxe5 10. Nxe5 N8d7 11. Nf3 Bf6 12. Be3 Nc8 13. Rc1 Ne7 14. Ne1 Bg6 15.
g4 h6 16. f4 c5 17. dxc5 Qc8 18. Na4 Rd8 19. Bd3 b6 20. cxb6 Nxb6 21. Nxb6 axb6
22. Qe2 Bd4 23. Bxd4 Rxd4 24. Bxg6 Nxg6 25. Ng2 Qc5 26. Kh1 Qc6 27. Kg1 Qc5 28.
Kh1 Rad8 29. Rcd1 Rxd1 30. Rxd1 Rxd1+ 31. Qxd1 Qf2 32. h4 e5 33. Qd8+ Kh7 34.
Qd3 exf4 35. h5 f3 36. hxg6+ fxg6 37. Ne3 Qg3 38. Qf1 Qh4+ 39. Kg1 Qg3+ 1/2-1/2

[Event "1st Prague Challengers"]
[Site "Prague CZE"]
[Date "2019.03.14"]
[Round "9.1"]
[White "Anton Guijarro, David"]
[Black "Praggnanandhaa, R"]
[Result "1/2-1/2"]
[WhiteTitle "GM"]
[BlackTitle "GM"]
[WhiteElo "2643"]
[BlackElo "2532"]
[WhiteFideId "2285525"]
[BlackFideId "25059530"]
[EventDate "2019.03.06"]

1. c4 e5 2. Nc3 Bb4 3. Nd5 a5 4. Nf3 d6 5. a3 Bc5 6. e3 Nf6 7. d4 Nxd5 8. cxd5
exd4 9. exd4 Bb6 10. Bg5 f6 11. Be3 O-O 12. Bd3 c6 13. Qc2 f5 14. O-O h6 15.
Rfe1 Kh8 16. dxc6 bxc6 17. d5 Bxe3 18. Rxe3 c5 19. Rae1 Ra7 20. Bb5 Qf6 21. Re8
Rf7 22. Qd2 f4 23. Qxa5 Bg4 24. Qc3 Nd7 25. Bxd7 Bxd7 26. Rxf8+ Rxf8 27. Qxf6
Rxf6 28. Nd2 Rf5 29. Nc4 Ba4 30. Nb6 Bb3 31. f3 Bxd5 32. Rd1 Bb3 33. Rxd6 Re5
34. Kf2 c4 35. Nd5 Rf5 36. Rd8+ Kh7 37. Nc3 Rh5 38. h3 Re5 39. Rd5 Re8 40. h4
Rb8 41. Ke1 Bc2 42. Rd2 Bf5 43. h5 g6 44. hxg6+ Kxg6 45. Kd1 Bd3 46. Nd5 Kg5 47.
Ke1 Rb3 48. Nc3 h5 49. Kf2 Kf5 50. Na2 Bb1 51. Nc3 Bd3 52. Ne2 Rb7 53. Nc1 Bb1
54. Kg1 Ke5 55. Kf1 Bf5 56. Na2 Rb3 57. Kf2 Bb1 58. Nc1 Rb7 59. Ne2 1/2-1/2

[Event "1st Prague Challengers"]
[Site "Prague CZE"]
[Date "2019.03.14"]
[Round "9.2"]
[White "Krejci, Jan2"]
[Black "Ju, Wenjun"]
[Result "1/2-1/2"]
[WhiteTitle "GM"]
[BlackTitle "GM"]
[WhiteElo "2570"]
[BlackElo "2580"]
[WhiteFideId "322156"]
[BlackFideId "8603006"]
[EventDate "2019.03.06"]

1. d4 Nf6 2. c4 e6 3. Nf3 d5 4. Nc3 Bb4 5. Bg5 h6 6. Bxf6 Qxf6 7. e3 O-O 8. Rc1
dxc4 9. Bxc4 c5 10. O-O cxd4 11. Nxd4 Qe7 12. Qb3 Ba5 13. Rfd1 Rd8 14. Be2 Nd7
15. Ne4 Ne5 16. Rc5 Bc7 17. Qc2 Nc6 18. Nxc6 bxc6 19. Rxc6 Bb6 20. Rxd8+ Qxd8
21. Bf3 Bb7 22. Rc3 Bxe4 23. Bxe4 Rb8 24. g3 Qf6 25. b4 g6 26. a4 Kg7 27. Kg2 h5
28. h4 Bd8 29. Rc4 Qe5 30. Rd4 Bb6 31. Rc4 Bd8 32. Bf3 a6 33. Bc6 Be7 34. b5
axb5 35. axb5 Bd8 36. Re4 Qd6 37. Rd4 Qe5 38. Rd7 Bb6 39. Qd2 Kg8 40. Qd3 Qf6
41. Qe4 Kg7 42. Qb4 Qe5 43. Qa3 Bc5 44. Qd3 Bb6 45. Be4 Qf6 46. Qc2 Ba5 47. Bc6
Rd8 48. Rxd8 Qxd8 49. Qe4 Bb6 50. Qe5+ Qf6 51. Qb8 Qd8 52. Qxd8 Bxd8 53. Kf3 Kf6
54. Ke4 Bb6 55. f3 Ke7 56. Kd3 f5 57. Ke2 Bc7 58. Kf2 Bb6 59. Bb7 Bc5 60. Bc8
Bb6 61. Ke2 Bc7 62. f4 Bb6 63. Kd3 Bc5 64. Bb7 Bb6 65. Bf3 Bc5 66. Bd1 Bb6 67.
Bb3 Bc5 1/2-1/2

[Event "1st Prague Challengers"]
[Site "Prague CZE"]
[Date "2019.03.14"]
[Round "9.3"]
[White "Michalik, Peter"]
[Black "Shirov, Alexei"]
[Result "1/2-1/2"]
[WhiteTitle "GM"]
[BlackTitle "GM"]
[WhiteElo "2565"]
[BlackElo "2667"]
[WhiteFideId "14907526"]
[BlackFideId "2209390"]
[EventDate "2019.03.06"]

1. e4 e5 2. Nf3 Nc6 3. Bc4 Bc5 4. c3 Nf6 5. d3 O-O 6. O-O d5 7. exd5 Nxd5 8. Re1
Bg4 9. h3 Bh5 10. Nbd2 Nb6 11. Bb3 Qxd3 12. Nxe5 Qf5 13. Nef3 Rad8 14. g4 Bxg4
15. hxg4 Qxg4+ 16. Kh1 Qh3+ 17. Nh2 Bd6 18. f4 Bxf4 19. Re2 Ne5 20. Qf1 Qxf1+
21. Ndxf1 Nd3 22. Bxf4 Nxf4 23. Re7 Nbd5 24. Re5 Rfe8 25. Rxe8+ Rxe8 26. Rd1 c6
27. Nf3 Kf8 28. Rd4 Re2 29. N1d2 f5 30. Bc4 Re7 31. Bxd5 1/2-1/2

[Event "1st Prague Challengers"]
[Site "Prague CZE"]
[Date "2019.03.14"]
[Round "9.4"]
[White "Stocek, Jiri"]
[Black "Nguyen, Thai Dai Van"]
[Result "1/2-1/2"]
[WhiteTitle "GM"]
[BlackTitle "GM"]
[WhiteElo "2592"]
[BlackElo "2546"]
[WhiteFideId "304760"]
[BlackFideId "358878"]
[EventDate "2019.03.06"]

1. c4 Nf6 2. Nc3 e5 3. Nf3 Nc6 4. a3 d5 5. cxd5 Nxd5 6. Qc2 Nxc3 7. dxc3 Be7 8.
e4 Be6 9. Be3 O-O 10. Rd1 Qe8 11. Nd2 f6 12. Bc4 Qf7 13. Bxe6 Qxe6 14. Qb3 Qxb3
15. Nxb3 Rad8 16. Ke2 b6 17. a4 Rxd1 18. Rxd1 Rd8 19. Ra1 Kf7 20. Nd2 g6 21. Nc4
a5 22. f4 Ke6 23. Rf1 exf4 24. Bxf4 Rd7 25. h3 Nd8 26. Nd2 Nf7 27. Nb3 c5 28.
Nd2 Bd6 29. Be3 Be5 30. Nc4 Nd6 31. Nxd6 1/2-1/2

[Event "1st Prague Challengers"]
[Site "Prague CZE"]
[Date "2019.03.14"]
[Round "9.5"]
[White "Bartel, Mateusz"]
[Black "Paravyan, David"]
[Result "0-1"]
[WhiteTitle "GM"]
[BlackTitle "GM"]
[WhiteElo "2600"]
[BlackElo "2627"]
[WhiteFideId "1112635"]
[BlackFideId "4194985"]
[EventDate "2019.03.06"]

1. b3 e5 2. Bb2 Nc6 3. e3 g6 4. h4 Nf6 5. Nf3 e4 6. Ng5 d5 7. h5 Bh6 8. Nh3 O-O
9. hxg6 fxg6 10. Nc3 Be6 11. Ne2 Bg4 12. a3 Qd6 13. d4 exd3 14. Qxd3 Ne5 15. Qd4
Rae8 16. O-O-O c5 17. Qa4 d4 18. Nhf4 Bxf4 19. exf4 Nc6 20. f3 Be6 21. Qb5 Nd5
22. Qxb7 Nc7 23. b4 Rb8 24. bxc5 Qd7 0-1